<?xml version="1.0" encoding="UTF-8"?>
<record
    xmlns:xsi="http://www.w3.org/2001/XMLSchema-instance"
    xsi:schemaLocation="http://www.loc.gov/MARC21/slim http://www.loc.gov/standards/marcxml/schema/MARC21slim.xsd"
    xmlns="http://www.loc.gov/MARC21/slim">

  <leader>01803nam a2200289 a 4500</leader>
  <controlfield tag="001">000048900</controlfield>
  <controlfield tag="003">DO-SdBNP</controlfield>
  <controlfield tag="005">20250122105004.0</controlfield>
  <controlfield tag="007">ta</controlfield>
  <controlfield tag="008">190430s2016    pr a          000 0 spa d</controlfield>
  <datafield tag="020" ind1=" " ind2=" ">
    <subfield code="a">9789945581515</subfield>
  </datafield>
  <datafield tag="040" ind1=" " ind2=" ">
    <subfield code="a">DO-SdBNP</subfield>
    <subfield code="b">spa</subfield>
    <subfield code="c">BNPHU</subfield>
  </datafield>
  <datafield tag="082" ind1=" " ind2="4">
    <subfield code="b">L951a</subfield>
    <subfield code="2">22</subfield>
  </datafield>
  <datafield tag="100" ind1="1" ind2=" ">
    <subfield code="a"> Lugo Ram&#xED;rez, Doris E. </subfield>
    <subfield code="d">1965-</subfield>
    <subfield code="9">86902</subfield>
  </datafield>
  <datafield tag="100" ind1="1" ind2=" ">
    <subfield code="a"> Lugo Ram&#xED;rez, Doris E. </subfield>
    <subfield code="d">1965-</subfield>
    <subfield code="9">86902</subfield>
  </datafield>
  <datafield tag="245" ind1="1" ind2="0">
    <subfield code="a">Ante el espejo de la muerte :</subfield>
    <subfield code="b">aproximaci&#xF3;n a la iconograf&#xED;a funeraria en Puerto Rico : an&#xE1;lisis de tumbas y pinturas puertorrique&#xF1;as representativas de finales del siglo XIX al inicio del XXI /</subfield>
    <subfield code="c">Doris E. Lugo Ram&#xED;rez.</subfield>
  </datafield>
  <datafield tag="260" ind1=" " ind2=" ">
    <subfield code="a">San Juan, Puerto Rico :</subfield>
    <subfield code="b">Isla Negra Editores,</subfield>
    <subfield code="b">Editorial del Instituto de Cultura Puertorrique&#xF1;a,</subfield>
    <subfield code="c">2016.</subfield>
  </datafield>
  <datafield tag="300" ind1=" " ind2=" ">
    <subfield code="a">298 p. :</subfield>
    <subfield code="b">il. ;</subfield>
    <subfield code="c">23 cm.</subfield>
  </datafield>
  <datafield tag="490" ind1="1" ind2=" ">
    <subfield code="a">Visiones y cegueras</subfield>
  </datafield>
  <datafield tag="500" ind1=" " ind2=" ">
    <subfield code="a">Incluye datos biogr&#xE1;ficos de la autora en la solapa de la cubierta</subfield>
  </datafield>
  <datafield tag="500" ind1=" " ind2=" ">
    <subfield code="a">Incluye referencias bibliogr&#xE1;ficas y notas al pie de las p&#xE1;ginas</subfield>
  </datafield>
  <datafield tag="504" ind1=" " ind2=" ">
    <subfield code="a">Bibliograf&#xED;a : p. 263-273</subfield>
  </datafield>
  <datafield tag="505" ind1="0" ind2=" ">
    <subfield code="a">Palabras iniciales --</subfield>
    <subfield code="g">Cap&#xED;tulo I</subfield>
    <subfield code="t">La muerte como fuente investigativa --</subfield>
    <subfield code="t">Visi&#xF3;n ideol&#xF3;gica, escatol&#xF3;gica e iconogr&#xE1;fica de la muerte en Europa, Am&#xE9;rica y Puerto Rico --</subfield>
    <subfield code="g">Cap&#xED;tulo II</subfield>
    <subfield code="t">Visi&#xF3;n ideol&#xF3;gica, escatol&#xF3;gica e iconogr&#xE1;fica de la muerte en Europa, Am&#xE9;rica y Puerto Rico --</subfield>
    <subfield code="g">Cap&#xED;tulo III</subfield>
    <subfield code="t">Met&#xE1;foras contra la muerte: An&#xE1;lisis iconogr&#xE1;fico de la estatuaria funeraria --</subfield>
    <subfield code="t">Cap&#xED;tulo IV</subfield>
    <subfield code="t">La muerte disimulada: An&#xE1;lisis iconogr&#xE1;fico de la pintura puertorrique&#xF1;a de tem&#xE1;tica funeraria --</subfield>
    <subfield code="t">Conclusiones --</subfield>
    <subfield code="t">Ap&#xE9;ndices --</subfield>
    <subfield code="t">&#xCD;ndices de fotograf&#xED;as, ilustraciones y pinturas citadas en el libro --</subfield>
    <subfield code="t">Agradecimientos</subfield>
  </datafield>
  <datafield tag="590" ind1=" " ind2=" ">
    <subfield code="a">Inventariado, 2019/LP</subfield>
  </datafield>
  <datafield tag="830" ind1=" " ind2="0">
    <subfield code="a">Visiones y cegueras</subfield>
    <subfield code="9">1120</subfield>
  </datafield>
  <datafield tag="942" ind1=" " ind2=" ">
    <subfield code="2">ddc</subfield>
    <subfield code="c">LBS1</subfield>
  </datafield>
  <datafield tag="952" ind1=" " ind2=" ">
    <subfield code="0">0</subfield>
    <subfield code="1">0</subfield>
    <subfield code="2">ddc</subfield>
    <subfield code="5">6</subfield>
    <subfield code="7">0</subfield>
    <subfield code="8">DS</subfield>
    <subfield code="a">BNPHU</subfield>
    <subfield code="b">BNPHU</subfield>
    <subfield code="c">HD</subfield>
    <subfield code="d">2019-05-09</subfield>
    <subfield code="l">0</subfield>
    <subfield code="p">48900-30</subfield>
    <subfield code="r">2020-06-25</subfield>
    <subfield code="t">e.3</subfield>
    <subfield code="w">2020-06-25</subfield>
    <subfield code="y">LBS1</subfield>
  </datafield>
  <datafield tag="952" ind1=" " ind2=" ">
    <subfield code="0">0</subfield>
    <subfield code="1">0</subfield>
    <subfield code="2">ddc</subfield>
    <subfield code="5">3</subfield>
    <subfield code="7">0</subfield>
    <subfield code="8">PD</subfield>
    <subfield code="a">BNPHU</subfield>
    <subfield code="b">BNPHU</subfield>
    <subfield code="c">HD</subfield>
    <subfield code="d">2019-05-09</subfield>
    <subfield code="l">0</subfield>
    <subfield code="p">48900-10</subfield>
    <subfield code="r">2020-06-25</subfield>
    <subfield code="w">2020-06-25</subfield>
    <subfield code="y">LBS1</subfield>
  </datafield>
  <datafield tag="952" ind1=" " ind2=" ">
    <subfield code="0">0</subfield>
    <subfield code="1">0</subfield>
    <subfield code="2">ddc</subfield>
    <subfield code="5">3</subfield>
    <subfield code="7">0</subfield>
    <subfield code="8">PD</subfield>
    <subfield code="a">BNPHU</subfield>
    <subfield code="b">BNPHU</subfield>
    <subfield code="c">HD</subfield>
    <subfield code="d">2019-05-09</subfield>
    <subfield code="l">0</subfield>
    <subfield code="p">48900-20</subfield>
    <subfield code="r">2020-06-25</subfield>
    <subfield code="t">e.2</subfield>
    <subfield code="w">2020-06-25</subfield>
    <subfield code="y">LBS1</subfield>
  </datafield>
  <datafield tag="999" ind1=" " ind2=" ">
    <subfield code="c">48388</subfield>
    <subfield code="d">48388</subfield>
  </datafield>
</record>
